Bispectral Methods of Signal Processing : Applications in Radar, Telecommunications and Digital Image Restoration /

By studying applications in radar, telecommunications and digital image restoration, this monograph discusses signal processing techniques based on bispectral methods. Improved robustness against different forms of noise as well as preservation of phase information render this method a valuable alte...

Full description

Bibliographic Details
Main Authors: Totsky, Alexander V., 1952- (Author), Zelensky, Alexander A., 1943- (Author), Kravchenko, Viktor F., 1939- (Author)
Corporate Authors: Knovel (Firm), Walter de Gruyter & Co
Format: eBook
Language:English
Published: Berlin : Walter de Gruyter GmbH, [2015]
Subjects:
Online Access:Connect to the full text of this electronic book

MARC

Tag First Indicator Second Indicator Subfields
LEADER 00000cam a2200000Mi 4500
001 in00003833708
005 20190415180334.0
006 m o d
007 cr |n|||||||||
008 150123t20152015gw o 000 0 eng
010 |a  2014034330 
019 |a 898769926  |a 959647621  |a 961609126  |a 961888105  |a 962660202 
020 |a 9783110386066  |q electronic bk. 
020 |a 3110386062  |q electronic bk. 
020 |a 9781523100675  |q electronic bk. 
020 |a 1523100672  |q electronic bk. 
020 |z 9783110368888 
020 |z 3110368889 
020 |z 9783110374568 
020 |z 3110374560 
035 |a (OCoLC)ocn904743917 
035 |a (OCoLC)904743917  |z (OCoLC)898769926  |z (OCoLC)959647621  |z (OCoLC)961609126  |z (OCoLC)961888105  |z (OCoLC)962660202 
040 |a AU@  |b eng  |c AU@  |d OCLCO  |d OCLCF  |d EBLCP  |d YDXCP  |d E7B  |d MYG  |d DEBBG  |d DEBSZ  |d IDEBK  |d HEBIS  |d N$T  |d VLB  |d KNOVL  |d NKT  |d COO  |d VT2  |d AGLDB  |d UtOrBLW 
049 |a TXAM 
050 4 |a TK5102.9 .T738 2014 
072 7 |a TEC  |x 009070  |2 bisacsh 
082 0 4 |a 621.382/2  |2 23 
100 1 |a Totsky, Alexander V.,  |d 1952-  |e author.  |0 http://id.loc.gov/authorities/names/no2014133849 
245 1 0 |a Bispectral Methods of Signal Processing :  |b Applications in Radar, Telecommunications and Digital Image Restoration /  |c Alexander V. Totsky, Alexander A. Zelensky, Victor F. Kravchenko. 
264 1 |a Berlin :  |b Walter de Gruyter GmbH,  |c [2015] 
264 4 |c ©2015 
300 |a 1 online resource. 
336 |a text  |b txt  |2 rdacontent 
337 |a computer  |b c  |2 rdamedia 
338 |a online resource  |b cr  |2 rdacarrier 
588 0 |a Print version record. 
505 0 |a General properties of bispectrum-based digital signal processing -- Unknown noisy signal shape estimation by bispectrum-filtering techniques -- Bispectrum-based digital image reconstruction using tapering pre-distortion -- Signal detection by using third-order test statistics in communications and radar applications. 
520 |a By studying applications in radar, telecommunications and digital image restoration, this monograph discusses signal processing techniques based on bispectral methods. Improved robustness against different forms of noise as well as preservation of phase information render this method a valuable alternative to common power-spectrum analysis used in radar object recognition, digital wireless communications, and jitter removal in images. 
504 |a Includes bibliographical references (pages 191-197) and index. 
500 |a Electronic resource. 
650 0 |a Signal processing  |x Digital techniques.  |0 http://id.loc.gov/authorities/subjects/sh85122398 
650 0 |a Image processing  |x Digital techniques.  |0 http://id.loc.gov/authorities/subjects/sh85064447 
650 7 |a Image processing  |x Digital techniques.  |2 fast  |0 (OCoLC)fst00967508 
650 7 |a Signal processing  |x Digital techniques.  |2 fast  |0 (OCoLC)fst01118285 
650 4 |a Digital image restoration. 
650 4 |a Image processing  |x Digital techniques. 
650 4 |a Signal processing  |x Digital techniques. 
650 7 |0 (DE-588)4113314-6  |0 (DE-603)08533426X  |a Digitale Signalverarbeitung.  |2 gnd 
650 7 |0 (DE-588)4181274-8  |0 (DE-603)085868566  |a Signalregenerierung.  |2 gnd 
650 7 |0 (DE-588)4177097-3  |0 (DE-603)085834653  |a Rauschsignal.  |2 gnd 
650 7 |0 (DE-588)4145435-2  |0 (DE-603)085579041  |a Bildrekonstruktion.  |2 gnd 
650 7 |0 (DE-588)4757761-7  |0 (DE-603)11613111X  |a Vorverzerrung.  |2 gnd 
650 7 |0 (DE-588)4176765-2  |0 (DE-603)085832030  |a Radar.  |2 gnd 
650 7 |0 (DE-588)4181266-9  |0 (DE-603)085868507  |a Signaldetektion.  |2 gnd 
650 7 |a TECHNOLOGY & ENGINEERING / Mechanical.  |2 bisacsh 
655 7 |a Electronic books.  |2 local 
700 1 |a Zelensky, Alexander A.,  |d 1943-  |e author.  |0 http://id.loc.gov/authorities/names/no2014133901 
700 1 |a Kravchenko, Viktor F.,  |d 1939-  |e author.  |0 http://id.loc.gov/authorities/names/n2010051334 
710 2 |a Knovel (Firm)  |0 http://id.loc.gov/authorities/names/nr2001027264 
710 2 |a Walter de Gruyter & Co.  |0 http://id.loc.gov/authorities/names/n81126942 
776 1 8 |i Print version:  |z 9783110374568  |z 3110374560  |w (DLC) 2014034330 
856 4 0 |u http://proxy.library.tamu.edu/login?url=http://app.knovel.com/hotlink/toc/id:kpBMSPART3/bispectral-methods-of  |z Connect to the full text of this electronic book  |t 0 
999 f f |s ee29e08f-bcb9-3111-b07a-8b5faccc3aa6  |i a6ffec56-eabd-38be-a856-35866feb8d57  |t 0 
952 f f |a Texas A&M University  |b College Station  |c Electronic Resources  |d Available Online  |t 0  |e TK5102.9 .T738 2014  |h Library of Congress classification 
998 f f |a TK5102.9 .T738 2014  |t 0  |l Available Online